000
00339nam a2200133Ia 4500
008
240624s9999 xx 000 0 und d
041
_a
eng
082
_a
658.4 KIL
100
_a
KILLELEA GRACE
245
_a
CONFIDENCE EFFECT EVERY WOMAN S GUIDE TO
260
_c
2016
_a
New York
_b
Amacom
300
_a
xii, 212 p.; 23 cm.
365
_c
_b
33
999
_c
32160
_d
32160